• 首页
  • 本馆介绍
  • 公告通知
  • 最新文献
  • 馆藏检索
  • 电子资源
  • 读者导购
  • 参考咨询
  • 我的图书馆
  • 登录
  • 详细信息显示
  • 放入我的书架
  • 预约/预借图书
  • 作者相关作品
  • 分类相关作品
  • 丛书相关作品
  • 出版社相关作品

书目信息

  • 表格格式
  • 工作单格式
  • 卡片格式
题名:
邓小平的一个世纪
    
 
作者: 林庭芳 著
分册:  
出版信息: 武汉   湖北人民出版社  2004
页数: 481页
开本: 21cm
丛书名:
单 册:
中图分类: A762
科图分类:
主题词:
电子资源:
ISBN: 7-216-04004-X
000 01123nam0 2200325 450
000 01086nam0 2200313 450
000 01068nam0 2200313 450
000 01014nam0 2200289 450
000 01010nam0 2200301 450
000 00956nam0 2200277 450
000 00974nam0 2200265 450
000 00937nam0 2200253 45
001 TS-207941
005 20061209102210.78
010    @a7-216-04004-X@dCNY32.00
100    @a20060829d2004 em y0chiy0110 ea
101 0  @achi
102    @aCN@b420000
105    @aa z 000yb
200 1  @a邓小平的一个世纪@Adeng xiao ping de yi ge shi ji@f林庭芳著
210    @a武汉@c湖北人民出版社@d2004
215    @a481页@c照片@d21cm
330    @a本书描述小平同志的家族、远涉重洋赴法留学及参加党的事业、政治生涯三落三起,以及作为“中国现代化之父”的新中国建设的各个方面,展现伟人的谋略与实践、情感与生活。
600  0 @a邓小平@x生平事迹
690    @aA762@v4
701  0 @a林庭芳@Alin ting fang@4著
801  0 @aCN@b中图数据@c20061209
905    @a10447@dA762@e171LT
    
    邓小平的一个世纪/林庭芳著.-武汉:湖北人民出版社,2004
    481页:照片;21cm
    
    
    ISBN 7-216-04004-X:CNY32.00
    本书描述小平同志的家族、远涉重洋赴法留学及参加党的事业、政治生涯三落三起,以及作为“中国现代化之父”的新中国建设的各个方面,展现伟人的谋略与实践、情感与生活。
●
相关链接 在E读中查询图书 在五车中查询图书 在当当中查询图书 在豆瓣中查询图书


正题名:邓小平的一个世纪     索取号:A762/171LT         预约/预借

序号 登录号 条形码 馆藏地/架位号 状态 备注
1 0610464   206104641   第一样本阅览室/ [索取号:A762/171LT] 在馆    
2 0610465   206104650   第一借阅区/ [索取号:A762/171LT] 在馆    
3 0610471   206104712   第一借阅区/ [索取号:A762/171LT] 在馆    
4 0610472   206104721   第一借阅区/ [索取号:A762/171LT] 在馆    
5 0610473   206104730   第一借阅区/ [索取号:A762/171LT] 在馆    
唐山师范学院图书馆 欢迎您!
大连网信软件有限公司© 版权所有